[Event "Kingston Invitational 3rd"]
[Site "Kingston upon Thames"]
[Date "2024.08.13"]
[Round "2.17"]
[White "Lalic, Peter D"]
[Black "Pal, Rohan"]
[Result "1-0"]
[WhiteElo "2181"]
[BlackElo "2046"]
[PlyCount "153"]
[EventDate "2024.08.12"]
[EventType "swiss"]
[EventRounds "9"]
[EventCountry "ENG"]
[SourceTitle "BritBase"]
[Source "John Saunders"]
[SourceDate "2024.08.18"]
[SourceVersion "1"]
[SourceVersionDate "2024.08.18"]
[SourceQuality "1"]

1. e4 c5 2. d4 cxd4 3. c3 dxc3 4. Nxc3 Nc6 5. Nf3 d6 6. Be2 e6 7. O-O Be7 8. Qb3 Nf6 9. Rd1 Bd7 10. Bf4 Na5 11. Qa3 d5 12. Bd6 Bxd6 13. Qxd6 Qe7 14. Qc7 Nc6 15. exd5 Nxd5 16. Nxd5 exd5 17. Ba6 Qd8 18. Re1+ Ne7 19. Qxb7 O-O 20. Qb4 Re8 21. Bd3 Bf5 22. Bb5 Bd7 23. Bd3 Bf5 24. Bb5 Bd7 25. Bxd7 Qxd7 26. Nd4 Nc6 27. Qa4 Ne5 28. Qxd7 Nxd7 29. f3 Nc5 30. Rxe8+ Rxe8 31. Rd1 Ne6 32. Ne2 Rd8 33. Nd4 Nxd4 34. Rxd4 Kf8 35. Kf2 Ke7 36. Ra4 Rd7 37. Ke3 Kd6 38. Kd4 Kc6 39. Ra5 Rb7 40. Rc5+ Kd6 41. Rxd5+ Kc6 42. Rc5+ Kd6 43. b3 Re7 44. Ra5 Kc6 45. Rc5+ Kb6 46. Re5 Rd7+ 47. Kc3 g6 48. b4 h5 49. a4 Rd1 50. Re2 Rc1+ 51. Kb3 Rb1+ 52. Rb2 Rh1 53. h3 Re1 54. Kc4 Ra1 55. a5+ Ka6 56. Rc2 Rd1 57. Kc5 Ra1 58. h4 Ra3 59. Kc6 Rb3 60. Kc5 Ra3 61. Re2 Rc3+ 62. Kd4 Rc7 63. Re5 Rc2 64. Rg5 Rc1 65. g3 Rf1 66. f4 Rb1 67. Kc3 Rc1+ 68. Kd4 Rb1 69. Kc5 Rc1+ 70. Kd6 f5 71. Ke7 Kb5 72. Rxg6 Kxb4 73. Rg5 Rc5 74. a6 Kb5 75. Rxh5 Kxa6 76. g4 Kb6 77. Rxf5 1-0

[Event "Kingston Invitational 3rd"]
[Site "Kingston upon Thames"]
[Date "2024.08.13"]
[Round "2.18"]
[White "Frostick, Clive A"]
[Black "Pirgon, Joshua"]
[Result "1/2-1/2"]
[WhiteElo "2161"]
[BlackElo "1982"]
[PlyCount "126"]
[EventDate "2024.08.12"]
[EventType "swiss"]
[EventRounds "9"]
[EventCountry "ENG"]
[SourceTitle "BritBase"]
[Source "John Saunders"]
[SourceDate "2024.08.18"]
[SourceVersion "1"]
[SourceVersionDate "2024.08.18"]
[SourceQuality "1"]

1. e4 e5 2. Nc3 d6 3. g3 g6 4. Bg2 Bg7 5. Nge2 Ne7 6. d4 O-O 7. Be3 exd4 8. Bxd4 f6 9. Nd5 Nec6 10. Bc3 Be6 11. O-O Nd7 12. f4 Bf7 13. Re1 Re8 14. b4 Ne7 15. Qd3 c6 16. Ne3 Nc8 17. Kh1 Ndb6 18. a4 Nd7 19. a5 Nb8 20. Nd4 Ne7 21. Nb3 Na6 22. Rad1 Nc7 23. Bb2 d5 24. Ng4 Nc8 25. Qc3 Nb5 26. Qd2 Ncd6 27. Ba1 h5 28. Nxf6+ Bxf6 29. Bxf6 Qxf6 30. e5 Qg7 31. exd6 Nxd6 32. Qd4 Rxe1+ 33. Rxe1 Qxd4 34. Nxd4 Re8 35. Rxe8+ Bxe8 36. b5 Kf8 37. a6 cxb5 38. axb7 Nxb7 39. Bxd5 Nc5 40. Kg2 Ke7 41. Kf3 Bd7 42. Ke3 a5 43. Nb3 Nxb3 44. cxb3 Kd6 45. Kd4 Bf5 46. Bf7 Kc6 47. Be8+ Kb6 48. Kc3 Kc5 49. h3 b4+ 50. Kb2 Kd4 51. g4 Bxg4 52. Bxg6 Bxh3 53. Bxh5 Ke4 54. Be8 Kxf4 55. Bb5 Ke3 56. Be8 Kd4 57. Bb5 Kc5 58. Be8 Bf1 59. Bd7 Bb5 60. Bg4 a4 61. bxa4 Bxa4 62. Bf5 Kd4 63. Bg4 Kc5 1/2-1/2

[Event "Kingston Invitational 3rd"]
[Site "Kingston upon Thames"]
[Date "2024.08.13"]
[Round "2.19"]
[White "Fellowes, Billy"]
[Black "Josse, Mark"]
[Result "1-0"]
[WhiteElo "2006"]
[BlackElo "2141"]
[PlyCount "73"]
[EventDate "2024.08.12"]
[EventType "swiss"]
[EventRounds "9"]
[EventCountry "ENG"]
[SourceTitle "BritBase"]
[Source "John Saunders"]
[SourceDate "2024.08.18"]
[SourceVersion "1"]
[SourceVersionDate "2024.08.18"]
[SourceQuality "1"]

1. e4 e5 2. Nf3 Nc6 3. Bc4 Bc5 4. d3 Nf6 5. c3 d6 6. h3 h6 7. O-O O-O 8. Re1 Re8 9. b4 Bb6 10. Nbd2 Ne7 11. Qb3 Rf8 12. Nf1 c6 13. Qc2 Ng6 14. Ng3 Be6 15. Bd2 Qd7 16. Rad1 Rfe8 17. Bxe6 Qxe6 18. Nf5 d5 19. a4 a6 20. c4 Kh7 21. Nh2 dxe4 22. dxe4 Rad8 23. Ng4 Nxg4 24. hxg4 Bd4 25. g3 Ne7 26. Kg2 f6 27. Rh1 Nxf5 28. gxf5 Qd7 29. Qc1 Kg8 30. Bxh6 c5 31. b5 axb5 32. cxb5 b6 33. Rh4 Qb7 34. Rg4 Re7 35. Qc4+ Kf8 36. Rh1 Rf7 37. Bxg7+ 1-0

[Event "Kingston Invitational 3rd"]
[Site "Kingston upon Thames"]
[Date "2024.08.13"]
[Round "2.20"]
[White "Skettos, Nicolas"]
[Black "Seymour, Timothy P"]
[Result "0-1"]
[WhiteElo "1985"]
[BlackElo "2124"]
[PlyCount "124"]
[EventDate "2024.08.12"]
[EventType "swiss"]
[EventRounds "9"]
[EventCountry "ENG"]
[SourceTitle "BritBase"]
[Source "John Saunders"]
[SourceDate "2024.08.18"]
[SourceVersion "1"]
[SourceVersionDate "2024.08.18"]
[SourceQuality "1"]

1. e4 c6 2. d4 d5 3. Nd2 dxe4 4. Nxe4 Nf6 5. Nxf6+ exf6 6. c3 Bd6 7. Bd3 O-O 8. Qc2 Re8+ 9. Ne2 h5 10. O-O h4 11. h3 Nd7 12. Bf4 Nf8 13. Bxd6 Qxd6 14. Qd2 Ng6 15. Kh1 Be6 16. f4 f5 17. Qc2 Ne7 18. Ng1 Nd5 19. Qf2 Qd8 20. Rae1 g6 21. Qd2 Nf6 22. a3 Nh5 23. Rf3 Qd6 24. Qf2 Bd5 25. Rfe3 Rxe3 26. Rxe3 Qxf4 27. Qxf4 Nxf4 28. Bf1 Kf8 29. Ne2 Nxe2 30. Bxe2 f4 31. Rd3 Re8 32. Rd2 b5 33. Kg1 Re3 34. Kf2 Ke7 35. Rc2 Rg3 36. Bf1 Kd6 37. Rc1 f3 38. gxf3 Rxf3+ 39. Ke2 Rg3 40. Kf2 f5 41. Re1 Be4 42. Rc1 Rf3+ 43. Kg1 Bd3 44. Bg2 Re3 45. b3 Re2 46. c4 Rc2 47. c5+ Kd7 48. Re1 Rc3 49. b4 Bc4 50. Ra1 Rd3 51. a4 bxa4 52. Rxa4 a6 53. Kf2 Rd2+ 54. Kg1 Rd1+ 55. Kf2 Rd2+ 56. Kg1 Rxd4 57. Ra1 Bb5 58. Bf1 Rxb4 59. Bxb5 axb5 60. Ra7+ Ke6 61. Rg7 Rf4 62. Rg8 Kd5 0-1

[Event "Kingston Invitational 3rd"]
[Site "Kingston upon Thames"]
[Date "2024.08.13"]
[Round "2.21"]
[White "Hill, Alistair"]
[Black "Andal, Edmond"]
[Result "1/2-1/2"]
[WhiteElo "2089"]
[BlackElo "1960"]
[PlyCount "69"]
[EventDate "2024.08.12"]
[EventType "swiss"]
[EventRounds "9"]
[EventCountry "ENG"]
[SourceTitle "BritBase"]
[Source "John Saunders"]
[SourceDate "2024.08.18"]
[SourceVersion "1"]
[SourceVersionDate "2024.08.18"]
[SourceQuality "1"]

1. e4 e6 2. d4 d5 3. e5 b6 4. c3 Qd7 5. Bd3 Ba6 6. Ne2 Bxd3 7. Qxd3 Ne7 8. Ng3 c5 9. O-O Nbc6 10. Nd2 h6 11. Nf3 c4 12. Qc2 Na5 13. h3 g6 14. Nh2 O-O-O 15. Ng4 Ng8 16. Re1 Kb7 17. Nf1 Rc8 18. Nfh2 Be7 19. Qd1 Rh7 20. Qf3 h5 21. Nf6 Nxf6 22. exf6 Bd6 23. Bf4 Kb8 24. Qg3 Nb7 25. Nf3 Qc7 26. Ne5 h4 27. Qe3 Ka8 28. Qd2 Bxe5 29. Bxe5 Qc6 30. Re3 a6 31. Rf3 Ka7 32. Re1 Qa4 33. a3 Qd7 34. Rf4 Rch8 35. Rg4 1/2-1/2

[Event "Kingston Invitational 3rd"]
[Site "Kingston upon Thames"]
[Date "2024.08.13"]
[Round "2.22"]
[White "Young, Daniel J"]
[Black "Liu, Jack"]
[Result "0-1"]
[WhiteElo "1926"]
[BlackElo "2081"]
[PlyCount "174"]
[EventDate "2024.08.12"]
[EventType "swiss"]
[EventRounds "9"]
[EventCountry "ENG"]
[SourceTitle "BritBase"]
[Source "John Saunders"]
[SourceDate "2024.08.18"]
[SourceVersion "1"]
[SourceVersionDate "2024.08.18"]
[SourceQuality "1"]

1. e4 c5 2. Nf3 e6 3. d4 cxd4 4. Nxd4 a6 5. Bd3 Bc5 6. Nb3 Ba7 7. O-O Ne7 8. Qe2 O-O 9. c4 Nbc6 10. Nc3 Ne5 11. Be3 d6 12. Rfd1 Bxe3 13. Qxe3 Qc7 14. Qe2 N7g6 15. Qe3 Rd8 16. Rac1 Nxd3 17. Rxd3 Ne5 18. Rd4 Bd7 19. Ne2 b6 20. Nd2 Be8 21. f4 Nc6 22. Rd3 Nb4 23. Rb3 Qc5 24. a3 Nc6 25. Nf3 Na5 26. Qxc5 bxc5 27. Rd3 Rab8 28. b4 cxb4 29. axb4 Rxb4 30. Ra1 Nxc4 31. Rxa6 Rb1+ 32. Kf2 Bb5 33. Ra2 h6 34. Nfd4 Be8 35. Rc3 Nb6 36. Rc7 Na4 37. Nc6 Bxc6 38. Rxc6 Nc5 39. Nc3 Rb3 40. Rc2 Rxc3 41. Rxc3 Nxe4+ 42. Ke3 Nxc3 43. Rxc3 g6 44. g4 Kg7 45. Ke4 Kf6 46. h4 d5+ 47. Kf3 g5 48. fxg5+ hxg5 49. h5 Ra8 50. Rb3 Ra4 51. Kg3 Kg7 52. Rb7 Rf4 53. Rd7 d4 54. Rd8 e5 55. Rd5 Re4 56. Rd6 Re3+ 57. Kf2 Rh3 58. Kg2 Rd3 59. Rd5 Re3 60. Kf2 Kf6 61. Rd6+ Ke7 62. Rd5 Ke6 63. Rd8 Rh3 64. Kg2 Rh4 65. Kg3 f5 66. Re8+ Kf7 67. Rxe5 Rxg4+ 68. Kf3 Rf4+ 69. Kg3 Kf6 70. Ra5 Rh4 71. Rd5 Rxh5 72. Rxd4 f4+ 73. Kg2 Kf5 74. Ra4 Kg4 75. Rb4 Rh3 76. Ra4 Rb3 77. Ra2 Kh4 78. Ra4 Re3 79. Rb4 Kg4 80. Kf2 Ra3 81. Rb2 Ra5 82. Rc2 Kf5 83. Rb2 g4 84. Rb8 Ra2+ 85. Kf1 g3 86. Rb5+ Kg4 87. Rb4 Kh3 0-1

[Event "Kingston Invitational 3rd"]
[Site "Kingston upon Thames"]
[Date "2024.08.13"]
[Round "3.1"]
[White "Murphy, Conor E"]
[Black "Wall, Gavin"]
[Result "1-0"]
[WhiteElo "2460"]
[BlackElo "2258"]
[PlyCount "67"]
[EventDate "2024.08.12"]
[EventType "swiss"]
[EventRounds "9"]
[EventCountry "ENG"]
[SourceTitle "BritBase"]
[Source "John Saunders"]
[SourceDate "2024.08.18"]
[SourceVersion "1"]
[SourceVersionDate "2024.08.18"]
[SourceQuality "1"]

1. e4 e5 2. Nf3 d6 3. d4 exd4 4. Nxd4 Nf6 5. Nc3 Be7 6. Bf4 O-O 7. Qd2 Nc6 8. O-O-O Nxd4 9. Qxd4 Be6 10. f3 a6 11. g4 b5 12. h4 c5 13. Qe3 b4 14. Na4 Bd7 15. g5 Nh5 16. b3 Nxf4 17. Qxf4 Bxa4 18. bxa4 Qa5 19. Bc4 Qxa4 20. Kb1 Rab8 21. e5 dxe5 22. Qe4 Rb6 23. f4 Qc6 24. Bd5 Qc7 25. fxe5 a5 26. Rhf1 Rbb8 27. Qf5 g6 28. Qf4 a4 29. h5 Kg7 30. Rh1 b3 31. hxg6 bxc2+ 32. Kxc2 hxg6 33. Rh7+ Kxh7 34. Qh2+ 1-0

[Event "Kingston Invitational 3rd"]
[Site "Kingston upon Thames"]
[Date "2024.08.13"]
[Round "3.2"]
[White "Villiers, Thomas"]
[Black "Czopor, Maciej"]
[Result "0-1"]
[WhiteElo "2195"]
[BlackElo "2364"]
[PlyCount "186"]
[EventDate "2024.08.12"]
[EventType "swiss"]
[EventRounds "9"]
[EventCountry "ENG"]
[SourceTitle "BritBase"]
[Source "John Saunders"]
[SourceDate "2024.08.18"]
[SourceVersion "1"]
[SourceVersionDate "2024.08.18"]
[SourceQuality "1"]

1. e4 c5 2. Nf3 Nc6 3. d4 cxd4 4. Nxd4 e5 5. Nb5 d6 6. N5c3 Nf6 7. Bg5 Be7 8. Bxf6 Bxf6 9. Nd5 O-O 10. Be2 Be6 11. Nbc3 Rc8 12. Nxf6+ Qxf6 13. O-O Nd4 14. Bd3 Qg5 15. Nd5 Bxd5 16. exd5 Nf5 17. Qf3 Ne7 18. c4 f5 19. Qe3 Qxe3 20. fxe3 e4 21. Be2 Ng6 22. b3 Ne5 23. Rf2 g6 24. Raf1 h5 25. h3 Kg7 26. g4 fxg4 27. hxg4 Rxf2 28. Rxf2 hxg4 29. Rf4 b5 30. Rxe4 bxc4 31. bxc4 Kf6 32. Kf2 g5 33. Rd4 Rc5 34. a4 Ra5 35. Bd1 Ra6 36. Kg3 Rb6 37. Bxg4 Rb4 38. Bd1 Rxc4 39. Rd2 Rc3 40. Rf2+ Ke7 41. Rb2 Rxe3+ 42. Kg2 a5 43. Rb5 Re1 44. Bh5 Nc4 45. Rb7+ Kd8 46. Kf2 Ra1 47. Rg7 Rxa4 48. Rxg5 Kc7 49. Rg8 Ne5 50. Ke3 Kb6 51. Rc8 Rc4 52. Rxc4 Nxc4+ 53. Kd4 Ne5 54. Be8 Nf3+ 55. Kc4 Nd2+ 56. Kd3 Nb3 57. Kc4 Nc5 58. Bc6 Na6 59. Ba4 Nb4 60. Be8 Nc2 61. Kc3 Na3 62. Kb3 Nb5 63. Kc4 Na7 64. Bd7 Kc7 65. Be6 Kb7 66. Bh3 Ka6 67. Bd7 Kb6 68. Bh3 Nb5 69. Bd7 Nc7 70. Ba4 Na6 71. Be8 Nc5 72. Bc6 Ne4 73. Be8 Nf6 74. Bc6 Ng4 75. Be8 Ne5+ 76. Kd4 Kc7 77. Kc3 Kb7 78. Kd4 Kb6 79. Ba4 Kc7 80. Be8 Kd8 81. Bh5 Ke7 82. Kc3 Nd7 83. Kc4 Nc5 84. Kd4 Kf6 85. Be2 Kf5 86. Bc4 Nd7 87. Bb5 Nb6 88. Bd3+ Kf4 89. Be2 Kg3 90. Bb5 Kf2 91. Bc6 Ke2 92. Be8 Kd2 93. Bg6 a4 0-1

[Event "Kingston Invitational 3rd"]
[Site "Kingston upon Thames"]
[Date "2024.08.13"]
[Round "3.3"]
[White "Badacsonyi, Stanley"]
[Black "Browning, Alex"]
[Result "1-0"]
[WhiteElo "2179"]
[BlackElo "2267"]
[PlyCount "55"]
[EventDate "2024.08.12"]
[EventType "swiss"]
[EventRounds "9"]
[EventCountry "ENG"]
[SourceTitle "BritBase"]
[Source "John Saunders"]
[SourceDate "2024.08.18"]
[SourceVersion "1"]
[SourceVersionDate "2024.08.18"]
[SourceQuality "1"]

1. d4 Nf6 2. Bg5 Ne4 3. Bf4 c5 4. f3 Nf6 5. dxc5 Qa5+ 6. Qd2 Qxc5 7. Nc3 a6 8. e4 d6 9. O-O-O Nc6 10. Na4 Qb4 11. Qxb4 Nxb4 12. Nb6 Rb8 13. e5 Nd7 14. exd6 exd6 15. Nc4 Nc6 16. Nxd6+ Bxd6 17. Bxd6 Ra8 18. Re1+ Kd8 19. Bc4 Re8 20. Rxe8+ Kxe8 21. Ne2 Nde5 22. Bb3 a5 23. Nc3 f6 24. Rd1 a4 25. Nxa4 Bf5 26. Nc5 b6 27. Ne6 Ra7 28. Nc7+ 1-0

[Event "Kingston Invitational 3rd"]
[Site "Kingston upon Thames"]
[Date "2024.08.13"]
[Round "3.4"]
[White "Lim, Zhuo Ren"]
[Black "Healey, Michael W"]
[Result "1/2-1/2"]
[WhiteElo "2278"]
[BlackElo "2130"]
[PlyCount "164"]
[EventDate "2024.08.12"]
[EventType "swiss"]
[EventRounds "9"]
[EventCountry "ENG"]
[SourceTitle "BritBase"]
[Source "John Saunders"]
[SourceDate "2024.08.18"]
[SourceVersion "1"]
[SourceVersionDate "2024.08.18"]
[SourceQuality "1"]

1. Nf3 Nf6 2. c4 d6 3. d4 g6 4. g3 Bg7 5. Bg2 O-O 6. O-O Nc6 7. d5 Na5 8. Na3 c5 9. Re1 a6 10. e4 Ng4 11. h3 Ne5 12. Nxe5 Bxe5 13. Rb1 Bd7 14. Bh6 Re8 15. Qd3 b5 16. b3 Rb8 17. Nc2 Qc7 18. Bd2 Bg7 19. Ne3 Nb7 20. h4 Nd8 21. f4 e5 22. f5 f6 23. fxg6 hxg6 24. h5 g5 25. h6 Bxh6 26. Qf1 Rf8 27. g4 Bg7 28. Nf5 Bxf5 29. gxf5 Kf7 30. Bf3 Rh8 31. Qe2 Ke7 32. Kg2 b4 33. Rh1 Nf7 34. Bh5 Nh6 35. Ra1 a5 36. a3 Ra8 37. a4 Rag8 38. Rh2 Qd8 39. Rah1 Qf8 40. Bg6 Kd7 41. Kf1 Kc7 42. Ke1 Kb6 43. Kd1 Ka6 44. Kc2 Kb6 45. Kb1 Ka6 46. Rh5 Kb6 47. Be3 Qe7 48. Rd1 Qc7 49. Ka2 Kb7 50. Rdh1 Qc8 51. Qd1 Qc7 52. R1h3 Bf8 53. Qh1 Qg7 54. Rh2 Kc7 55. Be8 Kd8 56. Bg6 Kc7 57. Kb1 Kb6 58. Kc1 Kc7 59. Bg1 Kb6 60. Be8 Kc7 61. Bxc5 dxc5 62. d6+ Kd8 63. d7 Qe7 64. Qd1 Qd6 65. Qxd6 Bxd6 66. Rxh6 Rxh6 67. Rxh6 g4 68. Rg6 Rh8 69. Rxg4 Rh1+ 70. Kd2 Rh2+ 71. Kd1 Rh3 72. Rg2 Rxb3 73. Rd2 Be7 74. Bf7 Ra3 75. Be6 Ra1+ 76. Kc2 Rxa4 77. Kb2 Ra3 78. Rd1 a4 79. Rh1 Kc7 80. d8=Q+ Kxd8 81. Rh8+ Kc7 82. Ra8 Rb3+ 1/2-1/2

[Event "Kingston Invitational 3rd"]
[Site "Kingston upon Thames"]
[Date "2024.08.13"]
[Round "3.5"]
[White "Hobson, Kenneth"]
[Black "Eames, Robert S"]
[Result "0-1"]
[WhiteElo "2266"]
[BlackElo "2145"]
[PlyCount "102"]
[EventDate "2024.08.12"]
[EventType "swiss"]
[EventRounds "9"]
[EventCountry "ENG"]
[SourceTitle "BritBase"]
[Source "John Saunders"]
[SourceDate "2024.08.18"]
[SourceVersion "1"]
[SourceVersionDate "2024.08.18"]
[SourceQuality "1"]

1. e4 c5 2. Nf3 Nf6 3. e5 Nd5 4. c4 Nc7 5. d4 cxd4 6. Nxd4 Nc6 7. Nxc6 bxc6 8. Nc3 g6 9. Bf4 Ne6 10. Bg3 Rb8 11. Qd2 h5 12. f4 Bh6 13. h4 Qa5 14. Bd3 Ba6 15. Rb1 O-O 16. Ne2 Qxd2+ 17. Kxd2 Nc5 18. Bf2 Nxd3 19. Kxd3 d5 20. b3 Rfd8 21. Kc3 Rd7 22. Rbd1 e6 23. Bc5 Bf8 24. Bxf8 Kxf8 25. Nc1 c5 26. Nd3 d4+ 27. Kd2 Rc7 28. Rdg1 Bb7 29. Rh2 a5 30. g4 Bf3 31. gxh5 Bxh5 32. Nb2 Ke7 33. Rg3 Kd7 34. Kc2 Kc6 35. Rh1 Rh8 36. Nd3 Ra7 37. a4 Rb7 38. Re1 g5 39. fxg5 Bg6 40. Rh1 Be4 41. Rh2 Rhb8 42. Re2 Bg6 43. h5 Bxh5 44. Nf4 Bxe2 45. Nxe2 Rh8 46. g6 fxg6 47. Rxg6 Rh2 48. Rxe6+ Kd7 49. Rd6+ Ke7 50. Kd1 Rxb3 51. Rd5 Rd3+ 0-1

[Event "Kingston Invitational 3rd"]
[Site "Kingston upon Thames"]
[Date "2024.08.13"]
[Round "3.6"]
[White "Taylor, William J"]
[Black "Venkataramanan, TS."]
[Result "0-1"]
[WhiteElo "1967"]
[BlackElo "2225"]
[PlyCount "83"]
[EventDate "2024.08.12"]
[EventType "swiss"]
[EventRounds "9"]
[EventCountry "ENG"]
[SourceTitle "BritBase"]
[Source "John Saunders"]
[SourceDate "2024.08.18"]
[SourceVersion "1"]
[SourceVersionDate "2024.08.18"]
[SourceQuality "1"]

1. e4 e5 2. Nf3 Nc6 3. Bc4 Bc5 4. c3 Nf6 5. d3 d6 6. O-O O-O 7. Re1 a6 8. a4 Be6 9. Bxe6 fxe6 10. b4 Ba7 11. Ra2 Qe8 12. Nbd2 Ne7 13. Nf1 Ng6 14. g3 Rd8 15. Kg2 h6 16. h3 Rd7 17. N1h2 Rdf7 18. Be3 Bb8 19. Qb1 Nh8 20. b5 a5 21. b6 c6 22. c4 g5 23. Qc1 Ng6 24. Qc3 Rg7 25. Kf1 d5 26. Bc5 Rff7 27. Qxa5 Nd7 28. Be3 Qf8 29. Ke2 d4 30. Bc1 Bd6 31. Rb2 Rxf3 32. Nxf3 Rf7 33. Nd2 Rxf2+ 34. Kd1 Nc5 35. Kc2 Qf3 36. Qa8+ Nf8 37. Kb1 Qxd3+ 38. Ka2 Qc3 39. Qd8 Nxa4 40. Qxd6 Nxb2 41. Qa3 Nxc4 42. Rd1 0-1

[Event "Kingston Invitational 3rd"]
[Site "Kingston upon Thames"]
[Date "2024.08.13"]
[Round "3.7"]
[White "Banerjee, Supratit"]
[Black "Rushbrooke, Remy"]
[Result "1/2-1/2"]
[WhiteElo "2156"]
[BlackElo "2056"]
[PlyCount "126"]
[EventDate "2024.08.12"]
[EventType "swiss"]
[EventRounds "9"]
[EventCountry "ENG"]
[SourceTitle "BritBase"]
[Source "John Saunders"]
[SourceDate "2024.08.18"]
[SourceVersion "1"]
[SourceVersionDate "2024.08.18"]
[SourceQuality "1"]

1. e4 g6 2. d4 Bg7 3. Nf3 d6 4. Be2 Nf6 5. Nc3 O-O 6. O-O c5 7. dxc5 dxc5 8. Be3 b6 9. Qxd8 Rxd8 10. Rad1 Nc6 11. Rxd8+ Nxd8 12. Rd1 Bb7 13. Nd2 Ne6 14. f3 Nd4 15. Bxd4 cxd4 16. Nb5 a6 17. Nxd4 Nd5 18. N2b3 Ne3 19. Rd3 Bh6 20. Rc3 Rc8 21. Rxc8+ Bxc8 22. c4 Bb7 23. c5 e5 24. cxb6 exd4 25. Nc5 Bc8 26. b7 Bxb7 27. Nxb7 Nc2 28. Nc5 a5 29. Bd3 Nb4 30. a3 Nc6 31. Kf1 Bc1 32. Na4 Ne5 33. Ke2 g5 34. b4 axb4 35. axb4 Kf8 36. b5 Ke7 37. Nc5 Kd6 38. Nb3 Be3 39. Na5 Kc5 40. Nb7+ Kb6 41. Nd6 Bf4 42. g3 Be3 43. Nf5 Bg1 44. h3 Bh2 45. h4 gxh4 46. gxh4 Kc5 47. h5 Kb4 48. Ne7 Kc5 49. Nd5 Nd7 50. f4 f5 51. h6 Kd6 52. b6 fxe4 53. Bxe4 Nxb6 54. Nxb6 Bxf4 55. Kd3 Bxh6 56. Nc4+ Kc5 57. Bxh7 Bg7 58. Nd2 Bh8 59. Ne4+ Kc6 60. Ng5 Bf6 61. Be4+ Kd7 62. Nf3 Ke6 63. Nxd4+ Bxd4 1/2-1/2

[Event "Kingston Invitational 3rd"]
[Site "Kingston upon Thames"]
[Date "2024.08.13"]
[Round "3.8"]
[White "Bezuidenhout, Roland"]
[Black "Patel, Zain"]
[Result "1-0"]
[WhiteElo "2270"]
[BlackElo "2035"]
[PlyCount "83"]
[EventDate "2024.08.12"]
[EventType "swiss"]
[EventRounds "9"]
[EventCountry "ENG"]
[SourceTitle "BritBase"]
[Source "John Saunders"]
[SourceDate "2024.08.18"]
[SourceVersion "1"]
[SourceVersionDate "2024.08.18"]
[SourceQuality "1"]

1. Nf3 Nf6 2. b3 b6 3. Bb2 Bb7 4. g3 e6 5. Bg2 Be7 6. O-O O-O 7. c4 c5 8. Nc3 d5 9. cxd5 Nxd5 10. Rc1 Nxc3 11. Bxc3 Bf6 12. Qc2 Nc6 13. Rfd1 Rc8 14. Qb1 Ba8 15. d3 Nd4 16. Nxd4 Bxd4 17. Bxd4 Qxd4 18. e3 Qd6 19. Bxa8 Rxa8 20. d4 cxd4 21. Rxd4 Qe7 22. Qe4 Rac8 23. Rcd1 Rcd8 24. h4 g6 25. h5 Rxd4 26. Rxd4 Rc8 27. h6 e5 28. Rd1 Qf8 29. Qb7 Rc5 30. Qxa7 Rc6 31. Qb7 Rf6 32. Qc7 Qxh6 33. Qe7 g5 34. Qxe5 Qh5 35. Rd8+ Kg7 36. Rd6 Qf3 37. Qxg5+ Rg6 38. Qe5+ Kh6 39. Rd4 Rg5 40. Rh4+ Kg6 41. Qd6+ Kg7 42. Qh6+ 1-0

[Event "Kingston Invitational 3rd"]
[Site "Kingston upon Thames"]
[Date "2024.08.13"]
[Round "3.9"]
[White "Dicen, Elis Denele"]
[Black "Gallagher, Daniel GH"]
[Result "1-0"]
[WhiteElo "2060"]
[BlackElo "2253"]
[PlyCount "102"]
[EventDate "2024.08.12"]
[EventType "swiss"]
[EventRounds "9"]
[EventCountry "ENG"]
[SourceTitle "BritBase"]
[Source "John Saunders"]
[SourceDate "2024.08.18"]
[SourceVersion "1"]
[SourceVersionDate "2024.08.18"]
[SourceQuality "1"]

1. e4 c5 2. Nf3 d6 3. Bb5+ Nd7 4. Ba4 Ngf6 5. O-O g6 6. Re1 Bg7 7. c3 O-O 8. d4 e5 9. Bc2 h6 10. d5 Ne8 11. Nbd2 f5 12. exf5 gxf5 13. Nf1 e4 14. N3d2 Qh4 15. f3 Ne5 16. fxe4 f4 17. Qe2 Kh8 18. Qf2 Qh5 19. Nf3 Nxf3+ 20. Qxf3 Bg4 21. Qf2 Be5 22. Bd2 Rc8 23. Bd1 Bxd1 24. Raxd1 Rf6 25. Qf3 Qg6 26. Re2 Ng7 27. Be1 Rg8 28. Nd2 h5 29. Nc4 Ne8 30. Red2 Qg5 31. a4 Rh6 32. Nxe5 Qxe5 33. c4 Kh7 34. Re2 Rg4 35. Bc3 Qg5 36. Rf1 Rg6 37. Rff2 Ng7 38. Kf1 Qe7 39. b3 Qd7 40. Bd2 a6 41. Bxf4 Rf6 42. Qe3 b5 43. h3 Rgg6 44. axb5 axb5 45. Bg3 bxc4 46. bxc4 Qa4 47. Qc1 Qb3 48. Rxf6 Rxf6+ 49. Bf2 Rf7 50. Qc2 Qg3 51. e5+ Kh6 1-0

[Event "Kingston Invitational 3rd"]
[Site "Kingston upon Thames"]
[Date "2024.08.13"]
[Round "3.10"]
[White "Walker, Samuel A"]
[Black "Lalic, Peter D"]
[Result "1/2-1/2"]
[WhiteElo "2032"]
[BlackElo "2181"]
[PlyCount "97"]
[EventDate "2024.08.12"]
[EventType "swiss"]
[EventRounds "9"]
[EventCountry "ENG"]
[SourceTitle "BritBase"]
[Source "John Saunders"]
[SourceDate "2024.08.18"]
[SourceVersion "1"]
[SourceVersionDate "2024.08.18"]
[SourceQuality "1"]

1. c4 d5 2. cxd5 c6 3. dxc6 Nxc6 4. Nc3 e5 5. d3 Nf6 6. e3 Be7 7. Be2 O-O 8. Nf3 Qb6 9. O-O Rd8 10. Qa4 Bf5 11. Rd1 Rac8 12. h3 a6 13. d4 Nb4 14. Rd2 e4 15. Ne5 Nbd5 16. Nxd5 Nxd5 17. Rd1 Qh6 18. Bd2 f6 19. Bg4 Bxg4 20. Nxg4 Qh5 21. Rac1 Qe8 22. Qxe8+ Rxe8 23. Nh2 f5 24. Nf1 Kf7 25. Ng3 g6 26. Ne2 b5 27. Rxc8 Rxc8 28. Rc1 Rxc1+ 29. Nxc1 Ke6 30. Kf1 h5 31. Ke1 g5 32. g3 g4 33. hxg4 hxg4 34. Kd1 Bd6 35. Kc2 Kd7 36. Kb3 Kc6 37. Ne2 Be7 38. Ba5 Bd6 39. a3 Be7 40. Nc3 Bd6 41. Bd8 Bf8 42. Kc2 Bd6 43. Na2 Bf8 44. Kb3 Bd6 45. Ba5 Be7 46. Bb4 Bd8 47. Kc2 Bc7 48. Nc3 Nxc3 49. Bxc3 1/2-1/2

[Event "Kingston Invitational 3rd"]
[Site "Kingston upon Thames"]
[Date "2024.08.13"]
[Round "3.11"]
[White "Seymour, Timothy P"]
[Black "Fellowes, Billy"]
[Result "0-1"]
[WhiteElo "2124"]
[BlackElo "2006"]
[PlyCount "92"]
[EventDate "2024.08.12"]
[EventType "swiss"]
[EventRounds "9"]
[EventCountry "ENG"]
[SourceTitle "BritBase"]
[Source "John Saunders"]
[SourceDate "2024.08.18"]
[SourceVersion "1"]
[SourceVersionDate "2024.08.18"]
[SourceQuality "1"]

1. Nf3 Nf6 2. c4 g6 3. d4 Bg7 4. e3 O-O 5. Be2 d6 6. Nc3 c5 7. O-O Nbd7 8. d5 Rb8 9. e4 a6 10. a4 h6 11. h3 Ne8 12. Bf4 Kh7 13. Bh2 Nc7 14. Qc2 Nf6 15. Rfe1 Bd7 16. Rad1 b5 17. e5 Bf5 18. Qd2 Ne4 19. Nxe4 Bxe4 20. a5 bxc4 21. Bxc4 Bxf3 22. gxf3 Nb5 23. f4 Nd4 24. Kg2 Rb4 25. Qc3 Qxa5 26. Ra1 Qc7 27. Rxa6 Rfb8 28. b3 Qd7 29. Re3 Qb7 30. Qd3 Rb6 31. Rxb6 Qxb6 32. exd6 exd6 33. Re7 Rb7 34. Rxb7 Qxb7 35. Bg3 Nf5 36. Qe4 h5 37. Qe8 h4 38. Bh2 Bf6 39. Qf8 Bg7 40. Qd8 Qb4 41. Bd3 Qxb3 42. Bxf5 Qxd5+ 43. f3 Qd2+ 44. Kh1 Qd1+ 45. Kg2 Qe2+ 46. Kh1 Qxf3+ 0-1